| Tag |
First Indicator |
Second Indicator |
Subfields |
| LEADER |
00000cam a2200000Ia 4500 |
| 001 |
in00001663210 |
| 005 |
20151024121151.0 |
| 008 |
950822s19951990nyu 000 1 eng d |
| 020 |
|
|
|a 0451453573 :
|c $4.99
|
| 035 |
|
|
|a (OCoLC)ocm33022812
|
| 040 |
|
|
|a CLE
|c CLE
|d OCL
|d TXA
|d UtOrBLW
|
| 049 |
|
|
|a TXAM
|
| 090 |
|
|
|a PR6066.R34
|b E796 1995
|
| 100 |
1 |
|
|a Pratchett, Terry.
|
| 245 |
1 |
0 |
|a Eric /
|c Terry Pratchett.
|
| 264 |
|
1 |
|a New York :
|b ROC,
|c [1995]
|
| 264 |
|
4 |
|c ©1990
|
| 300 |
|
|
|a 178 pages ;
|c 18 cm.
|
| 336 |
|
|
|a text
|b txt
|2 rdacontent
|
| 337 |
|
|
|a unmediated
|b n
|2 rdamedia
|
| 338 |
|
|
|a volume
|b nc
|2 rdacarrier
|
| 490 |
0 |
|
|a ROC fantasy ;
|v LE 5357
|
| 490 |
1 |
|
|a Discworld novel
|
| 500 |
|
|
|a On title page the word "Faust" is crossed out and the word "Eric" is substituted.
|
| 650 |
|
0 |
|a Discworld (Imaginary place)
|
| 800 |
1 |
|
|a Pratchett, Terry.
|t Discworld series.
|
| 994 |
|
|
|a E0
|b TXA
|
| 948 |
|
|
|a cataloged
|b h
|c 2002/2/27
|d c
|e mzajicek
|f 8:19:06 am
|
| 999 |
|
|
|a MARS
|
| 999 |
f |
f |
|s 046ae6ba-2e3d-3c1c-aab3-fcaf00fa40d8
|i 2cabac3b-3213-3719-b064-22a4663f9dd8
|t 0
|
| 952 |
f |
f |
|p noncirc
|a Texas A&M University
|b College Station
|c Cushing Memorial Library & Archives
|d Cushing: Science Fiction (Does not check out)
|t 0
|e PR6066.R34 E796 1995
|h Library of Congress classification
|i unmediated -- volume
|
| 998 |
f |
f |
|a PR6066.R34 E796 1995
|t 0
|l Cushing: Science Fiction (Does not check out)
|